Les clubs avec le plus de buts en Ligue des Champions - Statistiques

Statistiques générales
  • Ce quiz a été pris 1 802 fois
    405 depuis la dernière actualisation
  • Le résultat moyen est 16 sur 20
Statistiques - réponses
Buts Club Pays % Correct
1104 Real Madrid Espagne
99%
730 FC Barcelona Espagne
98%
340 Paris Saint-Germain France
98%
856 FC Bayern München Allemagne
96%
455 AC Milan Italie
95%
326 FC Internazionale Milano Italie
95%
490 Liverpool Angleterre
94%
545 Manchester United Angleterre
94%
294 Manchester City Angleterre
90%
335 Borussia Dortmund Allemagne
88%
491 Juventus Italie
88%
342 Chelsea Angleterre
87%
382 Arsenal Angleterre
86%
396 AFC Ajax Pays-Bas
76%
500 SL Benfica Portugal
74%
411 FC Porto Portugal
73%
295 PSV Pays-Bas
57%
354 Celtic Écosse
39%
301 FK Crvena zvezda Serbie
31%
364 FC Dynamo Kyiv Ukraine
17%
Aucun quiz correspondant
Distribution des résultats
% des personnes avec chaque résultat
Percentile par nombre de réponses
Votre historique - résultats
Vous n’avez pas pris ce quiz depuis la dernière actualisation